000 01379nam a2200325 a 4500
001 ebr10674819
003 CaPaEBR
006 m o u
007 cr cn|||||||||
008 130508s2010 enkad sb 001 0 eng d
020 _z9781848211902
020 _z9781118622674 (e-book)
040 _aCaPaEBR
_cCaPaEBR
035 _a(OCoLC)772517831
050 1 4 _aTK7875
_b.M532487 2010eb
082 0 4 _a621.381
_222
245 0 0 _aMicro, nanosystems, and systems on chips
_h[electronic resource]
_bmodeling, control, and estimation /
_cedited by Alina Voda.
260 _aLondon :
_bISTE ;
_aHoboken, N.J. :
_bWiley,
_cc2010.
300 _a1 online resource (xii, 308 p.) :
_bill. (some col.), charts.
504 _aIncludes bibliographical references and index.
533 _aElectronic reproduction.
_bPalo Alto, Calif. :
_cebrary,
_d2013.
_nAvailable via World Wide Web.
_nAccess may be limited to ebrary affiliated libraries.
588 _aDescription based on online resource; title from title page (ebrary, viewed May 8, 2013).
650 0 _aMicroelectromechanical systems.
650 0 _aSystems on a chip.
655 7 _aElectronic books.
_2local
700 1 _aVoda, Alina.
710 2 _aebrary, Inc.
856 4 0 _uhttp://site.ebrary.com/lib/rucke/Doc?id=10674819
_zAn electronic book accessible through the World Wide Web; click to view
922 _aInnodata Copy
999 _c57266
_d57266